Quizzes
Events
Quiz Creation
Community
Videos
Private Events
Remove Ads
Sign In
Join for FREE
Feedback
Dark Mode
Quiz Categories
Sports
Geography
Music
Movies
Television
Just For Fun
Miscellaneous
History
Literature
Language
Science
Gaming
Entertainment
Religion
Holiday
For Kids
Quiz Lab
Recent
Popular Today
Quiz Kudos Today
Editor Picks
Curator Picks
Quizzes by...
Day
Popularity
Type
Ratings
Length
Year
Community
Subscriptions
Recent Discussions
Orange Saloon
Badges
Playlists
Quests
Create
Leaderboards
Showdown
Live 5
Trivia Bingo
Activity
Puzzle Library
Sporcle Events
Private Events
Virtual Trivia
Globe League
Become a Host
Pub Owners
SporcleCon
Opinionation
Our Games
Videos
Blog
Mobile Apps
Partnerships
Remove Ads and Go Orange
Feedback
Geography
Country
Landmarks
City
State
Population
World
Capital
Continent
Flags
Europe
Africa
Asia
South America
North America
Oceania
Border
Canada
United Kingdom
Topography
United States
Geography
Country
Landmarks
City
State
Population
World
Capital
Continent
Flags
Europe
Africa
Asia
South America
North America
Oceania
Border
Canada
United Kingdom
Topography
United States
Random Quiz
Search Sporcle
×
Quiz Lab
Quiz Lab
Geography
Greater
Type in answers that appear in a list
Type in answers that appear in a list
Classic
Best Score? Go Orange.
Greater Anglia stations Stats
Can you name the railway stations served by Greater Anglia?
By
opi96
20m
151 Questions
1,044 Plays
1,044 Plays
1,044 Plays
Comments
Comments
Give Quiz Kudos
Give Quiz Kudos
-
- Ratings
hide this ad
Replay
Link that replays current quiz
Next Quiz
Link to next quiz in quiz playlist
You Got
0%
They Got
Avg Score
61%
Avg Friend Score
Upgrade to see
Score Distribution
Jump to the score distribution portion of the page
Score
0/151
Timer
20:00
0
Plays Today
Station
% Correct
London Liverpool Street
94.9%
Stratford (London)
91.7%
Norwich
91.1%
Ipswich
90.7%
Cambridge
90.3%
Colchester
90.2%
Shenfield
86.8%
Southend Victoria
85.3%
Chelmsford
85.2%
Ely
85%
Stansted Airport
83.7%
Romford
82.8%
Cambridge North
82.6%
Braintree
82.1%
Clacton-on-Sea
81.8%
Great Yarmouth
81.5%
Diss
80.7%
Manningtree
80.3%
Lowestoft
80.3%
Southend Airport
80.1%
King's Lynn
79.6%
Colchester Town
79.5%
Tottenham Hale
78.6%
Stowmarket
77.1%
Harwich Town
76.7%
Marks Tey
76.6%
Felixstowe
76.5%
Harlow Town
76.3%
Harwich International
75.8%
Witham
75.5%
Peterborough
75.4%
Cheshunt
75.2%
Bishop's Stortford
75.1%
Bury St. Edmund's
74.7%
Cromer
74.5%
Sheringham
73.6%
Hertford East
73.4%
Walton-on-the-Naze
73.3%
Braintree Freeport
73.1%
Ingatestone
72.4%
Harlow Mill
71.5%
Sudbury (Suffolk)
71.2%
Stansted Mountfitchet
71.1%
Billericay
70.7%
Brentwood
70.2%
Broxbourne
69.5%
Audley End
69.4%
Needham Market
69.1%
Thetford
68.6%
Meridian Water
68%
Wickford
68%
Station
% Correct
Rayleigh
67.6%
Southminster
66.3%
Acle
66.2%
Kelvedon
65.9%
Prittlewell
65.7%
March
65.7%
Downham Market
65.6%
Oulton Broad South
65.1%
Oulton Broad North
64.9%
Newmarket
64.4%
Enfield Lock
64.4%
Seven Sisters
64.3%
Hackney Downs
63.8%
Berney Arms
63%
Frinton-on-Sea
62.5%
Ware
62.5%
Brundall
61.9%
Waterbeach
61.8%
Whittlesford Parkway
61.5%
Hatfield Peverel
61.2%
White Notley
61.1%
Brundall Gardens
61%
Manea
60.9%
Sawbridgeworth
60.3%
Thorpe-le-Soken
59.9%
Gidea Park
59.8%
Northumberland Park
59.8%
Rochford
59.3%
Wymondham
58.1%
Lea Bridge
58%
Ponders End
57.9%
Shippea Hill
57.6%
Derby Road
57.4%
St. Margaret's (Hertfordshire)
57.3%
Dovercourt
57.2%
Whittlesea
57.1%
South Woodham Ferrers
56.7%
Harold Wood
56.2%
Roydon
56.2%
Bures
56.1%
Attleborough
56.1%
Waltham Cross
55.8%
Saxmundham
55.6%
Chappel & Wakes Colne
55.3%
Beccles
55.3%
Burnham-on-Crouch
55.2%
Brimsdown
54.6%
Newport (Essex)
54.6%
Cressing
54.3%
Hoveton & Wroxham
54%
Reedham (Norfolk)
53.9%
Station
% Correct
Brandon
53.6%
Lakenheath
53.6%
Littleport
53.5%
Mistley
53.4%
Great Chesterford
53.2%
Rye House
52.7%
Elsenham
52.4%
Wivenhoe
52.3%
Seven Kings
51.3%
Hockley
51.3%
Wrabness
51.3%
Trimley
51.3%
Watlington
51.2%
Hythe
50.6%
Weeley
50.3%
Shelford
50%
Spooner Row
49.1%
Eccles Road
48.5%
Kirby Cross
48.4%
Great Bentley
48.3%
West Runton
48.2%
Edmonton Green
48.1%
Alresford
47.3%
Soham
46.9%
Woodbridge
46.7%
Westerfield
46.4%
North Walsham
46.4%
Battlesbridge
45.9%
Cantley
45.7%
Dullingham
45.6%
Harling Road
45.5%
Kennett
45.3%
Somerleyton
45.2%
Lingwood
45.2%
Haddiscoe
44.7%
Buckenham
44.7%
North Fambridge
44.5%
Brampton (Suffolk)
44%
Gunton
43.8%
Althorne
42.9%
Roughton Road
42.9%
Elmswell
42.2%
Thurston
41.5%
Melton (Suffolk)
40.7%
Salhouse
40.7%
Darsham
40.4%
Wickham Market
40.1%
Halesworth
37.4%
Worstead
30.7%
Quiz Playlist
Details
Report
Send in Message
Add To Playlist
Classic:
Type in answers that appear in a list
Last Updated: May 19, 2017
Quiz Scoreboard
CHALLENGE
Sign Up to Join the Scoreboard
Show All
Scores
Hide
Comments
May contain spoilers
Recently Published
College Basketball Coaching Resumes
by pancakes188
Sports
9m
Billboard Blitz: Fleetwood Mac
by CooCooCachoo
Music
15s
Presidents Visiting Landmarks
by Hejman
History
7m
More to Explore
Quiz From the Vault
Featured Blog Post
Where Did the Easter Bunny Come From?
hide this ad
You Might Also Like...
Tags
Greater
Opened
Railway
Served
station
usage
Today's Top Quizzes in Geography
Browse Geography
hide this ad
Today's Top Quizzes in Greater
Browse Greater
Top Contributed Quizzes in Geography
1
Countries of the World - No Outlines Minefield
2
Top 25 Cities of France on a map
3
Any capital of a 'B' country per Continent
4
Any capital of a 'C' country per Continent
5
Closest Countries to UK A-Z
6
Any capital of a 'D' country per Continent
7
5-to-1: US Geography No Hints
8
Any capital of an 'E' country per Continent
9
Click the Alabama Counties! (Map)
10
One Thing in Common: United Kingdom
Explore More
Trending Topics
Disney
Anime
Kpop
NBA
Marvel
Crossword
Harry Potter
WWE
Pokémon
The Office
Puzzle
Song
Country
NFL
Soccer
hide this ad
More By:
opi96
Quiz
Plays
Rating
Category
Featured
Created
South Western Railway stations
1,676
4.00
Geography
Jun 1, 2013
Great Western Railway stations
1,626
4.00
Geography
May 17, 2013
Most Common London Underground Words
1,429
4.88
Geography
Aug 30, 2013
Stations in Kent - MAP
1,424
4.33
Geography
Mar 6, 2016
Southern stations
1,361
4.50
Geography
Nov 30, 2013
Go to Creator's Profile
Score Distribution
Quiz Creator Spotlight
opi96
Follow
Send a Message
Quizzes Created
-
Created Quiz Play Count
-
More By This Creator
Popular Quizzes Today
1
Find the US States - No Outlines Minefield
2
Find the Countries of Europe - No Outlines Minefield
3
The Countries of the World
4
Find the US States
5
Risky Map Clicking: Biggest States A-Z
6
US States
7
Popular People in 1961
8
Movies - When Are They Set?
More Geography Quizzes
North American country search - no outlines minefield
Quiz Lab
Trending Quizzes
Risky Map Clicking: Least Populous States A-Z
1-10 Letter G Words
1-10 Letter F Words
Risky Map Clicking: Next State Alphabetically
Risky Map Clicking: Biggest States A-Z
Recently Updated
Leaping Animals
pecheneg
Reality TV Shows (A-Z)
bhenderson79
Rickey Henderson's Hall of Fame Teammates
pecheneg
Champions League XIs: Arsenal
pecheneg
Quick Pick: Celebrities in WWE's Hall of Fame
aduchscher
A-Z Keypad Blitz II
pecheneg
Multiple Oscar Actors
pecheneg
Mystery Phrase Blitz: Oscar 'Best Actors'
pecheneg
F. Scott Fitzgerald Novels
LTH
Pick 3 Villains
ddd62291
Trending Topics
Anime
Harry Potter
Crossword
Marvel
Kpop
Disney
NBA
WWE
The Office
Pokémon
Puzzle
Song
Country
Soccer
NFL
Your Account Isn't Verified!
In order to create a playlist on Sporcle, you need to verify the email address you used during registration. Go to your
Sporcle Settings
to finish the process.
Report this User
Report this user for behavior that violates our
Community Guidelines
.
Details:
Send Report
Go to the Sporcle.com Mobile Site →
Comments